000 00546nam a2200181 4500
003 SEACOMMC
005 20250124160133.0
008 250124b |||||||| |||| 00| 0 eng d
020 _a 81-309-0298-2
_cRs.395.00
040 _aSEACOMMC
082 _a658.02491
_bR 573
100 _aRiley, Michael
245 1 _aTourism Employment : Analysis and Planning
_c Michael Riley, Adele Ladkin, Edith Szivas
260 _a Kolkata
_b Viva-Books
_c 2006
440 _aAspects of Tourism,6
650 _aTourism-Employees-Supply and demand
942 _cBOOK
999 _c1024
_d1024